Library Logo

تاریخ ہند : حصۂ ۱،۲،۳ : براے میڑک : (Record no. 255825)

000 -LEADER
fixed length control field 00701nam a22001937a 4500
003 - CONTROL NUMBER IDENTIFIER
control field BD-DhUL
005 - DATE AND TIME OF LATEST TRANSACTION
control field 20220412142135.0
008 - FIXED-LENGTH DATA ELEMENTS--GENERAL INFORMATION
fixed length control field 220412s1937 ii ||||| |||| 00| 0 urd d
040 ## - CATALOGING SOURCE
Original cataloging agency BD-DhUL
Transcribing agency BD-DhUL
082 ## - DEWEY DECIMAL CLASSIFICATION NUMBER
Classification number 954
Item number SYT
100 0# - MAIN ENTRY--PERSONAL NAME
Personal name سید ہاشمی۔
Fuller form of name [Syed Hashmi].
245 00 - TITLE STATEMENT
Title تاریخ ہند : حصۂ ۱،۲،۳ : براے میڑک :
Remainder of title (طبع ششم) /
Statement of responsibility, etc. سید ہاشمی۔
246 ## - VARYING FORM OF TITLE
Title proper/short title Tareekh-e-Hind.
260 ## - PUBLICATION, DISTRIBUTION, ETC. (IMPRINT)
Place of publication, distribution, etc. حیدرآباد دکن :
Name of publisher, distributor, etc. دار الطبع جامعہ عثمانیہ،
Date of publication, distribution, etc. ۱۹۳۷۔
300 ## - PHYSICAL DESCRIPTION
Extent حصۂ ۱،۲،۳ ؛
Dimensions ۲۴ سم۔
490 0# - SERIES STATEMENT
Series statement سلسلۂ نصاب تعلیم جامعۂ عثمانیہ
650 #4 - SUBJECT ADDED ENTRY--TOPICAL TERM
Topical term or geographic name as entry element India
Form subdivision History.
942 ## - ADDED ENTRY ELEMENTS (KOHA)
Source of classification or shelving scheme
Koha item type Books
Holdings
Price effective from Date last seen Permanent Location Not for loan Date acquired Source of classification or shelving scheme Koha item type Lost status Withdrawn status Copy number Source of acquisition Collection code Damaged status Shelving location Barcode Current Location Full call number
2022-04-122022-04-12Dhaka University Library 2022-04-12 Books  1PurchasedNon Fiction General StacksP23564Dhaka University Library954 SYT
Last Updated on September 15, 2019
© Dhaka University Library. All Rights Reserved|Staff Login